[Event "27th Czech Open A 2016"]
[Site "Pardubice CZE"]
[Date "2016.07.24"]
[Round "3.25"]
[White "Kulkarni, Bhakti"]
[Black "Kovalev, Andrei"]
[Result "1/2-1/2"]
[WhiteTitle "CM"]
[BlackTitle "GM"]
[WhiteElo "2363"]
[BlackElo "2513"]
[WhiteFideId "5019516"]
[BlackFideId "13500023"]
[EventDate "2016.07.22"]

1. d4 g6 2. c4 Bg7 3. Nc3 d6 4. e4 Nd7 5. Nf3 e5 6. d5 Ne7 7. h4 Nf6 8. Be2 O-O
9. Bg5 h6 10. Bd2 c6 11. Qc1 Ng4 12. Nh2 Nxh2 13. Rxh2 h5 14. Qc2 Bd7 15. O-O-O
a6 16. Bg5 c5 17. Rg1 f6 18. Be3 f5 19. exf5 Nxf5 20. g4 Nd4 21. Bxd4 exd4 22.
Ne4 d3 23. Qxd3 Qe7 24. Rhg2 Rae8 25. Nc3 Qf6 1/2-1/2

[Event "27th Czech Open A 2016"]
[Site "Pardubice CZE"]
[Date "2016.07.24"]
[Round "3.26"]
[White "Erenberg, Ariel"]
[Black "Ponizil, Cyril"]
[Result "0-1"]
[WhiteTitle "FM"]
[BlackTitle "IM"]
[WhiteElo "2359"]
[BlackElo "2510"]
[WhiteFideId "2811634"]
[BlackFideId "322202"]
[EventDate "2016.07.22"]

1. e4 e5 2. Nf3 Nc6 3. Bc4 Bc5 4. O-O Nf6 5. d3 d6 6. a4 a6 7. c3 Ba7 8. h3 h6
9. Na3 O-O 10. Nc2 Ne7 11. a5 Ng6 12. Be3 c6 13. Bxa7 Rxa7 14. Ne3 Ra8 15. Re1
Re8 16. Bb3 Nf4 17. Bc2 Nh7 18. Kh2 Ng5 19. Nxg5 Qxg5 20. Qf3 Be6 21. Rad1 Rad8
22. d4 exd4 23. cxd4 Ng6 24. Nf5 Bxf5 25. Qxf5 Qxf5 26. exf5 Nf4 27. Be4 Kf8 28.
Kg3 Nh5+ 29. Kg4 Nf6+ 30. Kf4 d5 31. Bd3 Rxe1 32. Rxe1 Ne8 33. g4 Nd6 34. h4 Re8
35. Rc1 f6 36. f3 Re7 37. Rg1 Nf7 38. b4 Ke8 39. Rg2 Kd7 40. Re2 Rxe2 41. Bxe2
Nd6 42. Ke3 Kc7 43. Kd2 b6 44. Kc3 Kb7 45. Bd3 Ka7 46. Kb3 Nb7 47. Ka4 bxa5 48.
bxa5 c5 49. Bc2 c4 50. Kb4 Kb8 51. Ba4 Kc7 52. Be8 Kd6 53. f4 Nd8 54. g5 Nc6+
55. Bxc6 Kxc6 56. h5 c3 0-1

[Event "27th Czech Open A 2016"]
[Site "Pardubice CZE"]
[Date "2016.07.24"]
[Round "3.27"]
[White "Schlosser, Philipp"]
[Black "Sindarov, Javokhir"]
[Result "1/2-1/2"]
[WhiteTitle "GM"]
[BlackTitle "CM"]
[WhiteElo "2509"]
[BlackElo "2374"]
[WhiteFideId "4600169"]
[BlackFideId "14205483"]
[EventDate "2016.07.22"]

1. c4 Nf6 2. Nf3 g6 3. Nc3 Bg7 4. e4 d6 5. d4 O-O 6. h3 c5 7. d5 e5 8. Be3 Qb6
9. Rb1 a5 10. g4 a4 11. Nd2 Bd7 12. Be2 Qa5 13. a3 Na6 14. g5 Ne8 15. Bg4 Nb8
16. Bxd7 Nxd7 17. h4 f5 18. f3 f4 19. Bf2 Nc7 20. b4 axb3 21. Qxb3 Rfb8 22. a4
Na6 23. Ke2 Nb4 24. Ra1 Qd8 25. Na2 Nxa2 26. Rxa2 Ra7 27. Nb1 Qb6 28. Qc2 Qa6
29. Nd2 Bf8 30. Rb1 Be7 31. Rb5 Bd8 32. Nb3 b6 33. Kd3 Qc8 34. Nc1 Nf8 35. Ke2
Rba8 36. Nd3 Nd7 37. Qd1 Nb8 38. Rb1 Qd7 39. Rba1 Na6 40. Qb3 1/2-1/2

[Event "27th Czech Open A 2016"]
[Site "Pardubice CZE"]
[Date "2016.07.24"]
[Round "3.28"]
[White "Krejci, Jan2"]
[Black "Seger, Ruediger"]
[Result "1-0"]
[WhiteTitle "GM"]
[BlackTitle "IM"]
[WhiteElo "2504"]
[BlackElo "2368"]
[WhiteFideId "322156"]
[BlackFideId "4617274"]
[EventDate "2016.07.22"]

1. d4 Nf6 2. c4 g6 3. Bg5 Ne4 4. Bf4 c5 5. Nd2 Qa5 6. Qc2 Nf6 7. d5 d6 8. e4 Bg7
9. Ne2 Nh5 10. Bg5 h6 11. Be3 e5 12. Nc3 O-O 13. g3 f5 14. exf5 gxf5 15. Be2 Nf6
16. f3 Na6 17. a3 Qd8 18. O-O-O Nc7 19. g4 f4 20. Bf2 e4 21. Ndxe4 Nxe4 22. Nxe4
b5 23. Be1 Rb8 24. Bc3 Bxc3 25. Qxc3 b4 26. axb4 Rxb4 27. Rhg1 Ne8 28. g5 Bf5
29. Bd3 Bxe4 30. gxh6+ Kf7 31. Bxe4 Qf6 32. Bg6+ 1-0

[Event "27th Czech Open A 2016"]
[Site "Pardubice CZE"]
[Date "2016.07.24"]
[Round "3.29"]
[White "Tomazini, Aljosa"]
[Black "Gundavaa, Bayarsaikhan"]
[Result "1/2-1/2"]
[WhiteTitle "FM"]
[BlackTitle "GM"]
[WhiteElo "2359"]
[BlackElo "2503"]
[WhiteFideId "14608154"]
[BlackFideId "4901045"]
[EventDate "2016.07.22"]

1. d4 Nf6 2. Nf3 e6 3. c4 d5 4. Nc3 Bb4 5. Qb3 c5 6. dxc5 Nc6 7. Bg5 h6 8. Bxf6
Qxf6 9. cxd5 exd5 10. e3 Be6 11. Bb5 Bxc5 12. Nxd5 Bxd5 13. Qxd5 Bb4+ 14. Kf1
O-O 15. Qb3 Rab8 16. Ke2 a6 17. Bd3 Rfe8 18. Rhd1 Bd6 19. Kf1 Ne5 20. Be2 Nxf3
21. Bxf3 Bxh2 22. Rd7 Rf8 23. Rc1 Be5 24. Rxb7 Rxb7 25. Qxb7 Rb8 26. Rc8+ Rxc8
27. Qxc8+ Kh7 28. b3 g6 29. Qc6 Kg7 30. Qxf6+ Kxf6 31. Ke2 Ke6 32. Kd3 Kd6 33.
Kc4 a5 34. Bd5 f6 35. Bf7 g5 36. Bg6 Bb2 37. b4 axb4 38. Kxb4 Bc1 39. Kc3 Ba3
40. Kd4 Ke6 41. Ke4 Bb4 42. Bf5+ Kd6 43. Bg4 Be1 44. f3 Bd2 45. Kf5 Ke7 46. e4
Kf7 47. Bh5+ Kg7 48. a4 Bc3 49. Ke6 Be1 50. Ke7 Bc3 51. Kd6 Kf8 52. Bg4 Be1 53.
Kd7 Bd2 54. Bh5 Be1 55. Kc6 Ke7 56. Kb5 Kd6 57. a5 Bf2 58. Bf7 Ke7 59. Bg6 Kd6
60. a6 Kc7 61. Bf7 Kd6 62. Kc4 Ke7 63. Bg6 Kd6 64. Kd3 Ke5 65. g3 Ba7 66. Ke2
Kd6 67. f4 gxf4 68. gxf4 Kc5 69. Bf5 Kb6 70. Bc8 Bb8 71. Kf3 h5 72. e5 fxe5 73.
f5 Bd6 74. f6 h4 75. Kg4 e4 76. Kxh4 e3 77. Bg4 Kxa6 78. Kh3 1/2-1/2

[Event "27th Czech Open A 2016"]
[Site "Pardubice CZE"]
[Date "2016.07.24"]
[Round "3.30"]
[White "Yuffa, Daniil"]
[Black "Obsivac, Josef"]
[Result "1-0"]
[WhiteTitle "IM"]
[BlackTitle "FM"]
[WhiteElo "2502"]
[BlackElo "2365"]
[WhiteFideId "24131423"]
[BlackFideId "303690"]
[EventDate "2016.07.22"]

1. d4 Nf6 2. c4 g6 3. g3 Bg7 4. Bg2 d6 5. Nf3 O-O 6. O-O Nc6 7. Nc3 Bf5 8. d5
Na5 9. Nd2 c6 10. b4 Nxc4 11. Nxc4 Nxd5 12. Nxd5 Bxa1 13. Bh6 Bg7 14. Bxg7 Kxg7
15. Nc3 Qd7 16. Qd4+ f6 17. Rd1 Rfd8 18. h4 Qc7 19. Ne3 Bd7 20. Ne4 d5 21. Nc5
e5 22. Qc3 d4 23. Qc1 Bc8 24. Nc4 b6 25. Nd3 Be6 26. f4 exf4 27. Nxf4 Bf7 28.
Kh2 Rab8 29. Nd2 c5 30. Ne4 c4 31. Nxf6 Kxf6 32. Nh5+ Ke7 33. Qg5+ Kf8 34. Qh6+
Ke7 35. Rf1 Qe5 36. Qxh7 Rf8 37. Nf4 Kd6 38. Nh3 Rbe8 39. Rxf7 Rxf7 40. Qxf7
Qxe2 41. Nf4 Qe3 42. Qxc4 g5 43. Qc6+ 1-0

[Event "27th Czech Open A 2016"]
[Site "Pardubice CZE"]
[Date "2016.07.24"]
[Round "3.31"]
[White "Pardo Simon, David"]
[Black "Sabuk, Piotr"]
[Result "1/2-1/2"]
[WhiteTitle "IM"]
[BlackTitle "IM"]
[WhiteElo "2492"]
[BlackElo "2363"]
[WhiteFideId "2296276"]
[BlackFideId "1137565"]
[EventDate "2016.07.22"]

1. d4 d5 2. c4 e6 3. Nc3 Be7 4. cxd5 exd5 5. Bf4 c6 6. e3 Bf5 7. g4 Be6 8. h4
Bxh4 9. Qb3 g5 10. Be5 f6 11. Bh2 Bxg4 12. Be2 Bxe2 13. Qxb7 Nd7 14. Kxe2 Qc8
15. Qxc8+ Rxc8 16. Nf3 Ne7 17. Nxh4 gxh4 18. Rac1 Nb6 19. Nb1 Kd7 20. Nd2 Rhg8
21. Nb3 Nf5 22. a4 Nc4 23. Nc5+ Ke7 24. b3 Ncd6 25. Kf3 h5 26. Rc2 Rg4 27. Bf4
Nf7 28. Nd3 Ng5+ 29. Bxg5 fxg5 30. Ne5 Re4 31. Rxc6 Rxc6 32. Nxc6+ Kf6 33. Nb4
g4+ 34. Kg2 h3+ 35. Kh2 Ke6 36. Nd3 Kd6 37. Rc1 g3+ 38. fxg3 Rxe3 39. Nf4 Nxd4
40. Rd1 Nf3+ 41. Kxh3 d4 42. b4 Ke5 43. b5 Ke4 44. Nxh5 d3 45. Nf6+ Kd4 46. Ng4
Re2 47. a5 Ng5+ 48. Kh4 Ne4 49. b6 axb6 50. axb6 Nc5 51. Rb1 Nb7 52. Rf1 d2 53.
Rf7 Nd6 54. b7 Nxf7 55. b8=Q d1=Q 56. Qa7+ 1/2-1/2

[Event "27th Czech Open A 2016"]
[Site "Pardubice CZE"]
[Date "2016.07.24"]
[Round "3.32"]
[White "Zumsande, Martin"]
[Black "Drnovsek, Gal"]
[Result "1/2-1/2"]
[WhiteTitle "IM"]
[BlackTitle "FM"]
[WhiteElo "2487"]
[BlackElo "2359"]
[WhiteFideId "4651324"]
[BlackFideId "14607077"]
[EventDate "2016.07.22"]

1. e4 c5 2. Nf3 d6 3. c3 Nf6 4. h3 Nc6 5. Bd3 d5 6. e5 Nd7 7. Qe2 Qc7 8. Bb5 c4
9. O-O Nc5 10. b3 Bf5 11. Qe3 e6 12. d4 cxd3 13. Nd4 Bg6 14. f4 a6 15. Bxc6+
bxc6 16. Ba3 Ne4 17. Bxf8 Kxf8 18. Qxd3 c5 19. Ne2 f6 20. exf6 gxf6 21. Qe3 Kg7
22. Nd2 Rhg8 23. Nxe4 Bxe4 24. Ng3 f5 25. Nxe4 dxe4 26. Rad1 Rgd8 27. Qg3+ Kf8
28. Qh4 Qe7 29. Qh6+ Kg8 30. Rfe1 Rd5 31. Rxd5 exd5 32. Rd1 Rd8 33. Qxa6 Kh8 34.
b4 cxb4 35. cxb4 d4 36. Qc4 Qd6 37. g3 d3 38. Kf2 Rb8 39. Qc3+ Kg8 40. Qc4+ Kg7
41. a3 Re8 42. Ke3 Qg6 43. Qd4+ Kh6 44. g4 Rc8 45. Re1 Rc2 46. Qd8 Kg7 47. Qe7+
Kg8 48. Qd8+ Kg7 49. Qe7+ Kg8 50. Qd8+ Kg7 1/2-1/2

[Event "27th Czech Open A 2016"]
[Site "Pardubice CZE"]
[Date "2016.07.24"]
[Round "3.33"]
[White "Potapov, Pavel"]
[Black "Wenninger, Philipp"]
[Result "1-0"]
[WhiteTitle "GM"]
[WhiteElo "2483"]
[BlackElo "2356"]
[WhiteFideId "4169786"]
[BlackFideId "4648404"]
[EventDate "2016.07.22"]

1. e4 c6 2. d4 d5 3. e5 Bf5 4. h4 h5 5. c4 e6 6. Nc3 Ne7 7. Nge2 Nd7 8. Ng3 Bg6
9. cxd5 Nxd5 10. Bg5 Qb6 11. Qd2 f6 12. exf6 gxf6 13. Be3 O-O-O 14. Nxd5 cxd5
15. a3 Bd6 16. Be2 Kb8 17. O-O Rdg8 18. Rfc1 Ka8 19. Rc3 Bb8 20. Rac1 Qd6 21.
Bb5 Nb6 22. a4 a6 23. Bxa6 bxa6 24. Rc6 Qd8 25. Qe2 Kb7 26. a5 Nc4 27. R1xc4
dxc4 28. Rb6+ Kc8 29. Qxc4+ Bc7 30. Rxe6 Bf7 31. Qxa6+ Kd7 32. Qc6+ Kc8 33. Qa6+
Kd7 34. d5 Qa8 35. Qb5+ Kd8 36. a6 Bxe6 37. dxe6 Rg7 38. Bd4 Rf8 39. a7 Re7 40.
Bc5 Rfe8 41. Qd3+ Kc8 42. Qa6+ Kd8 43. Qd3+ Kc8 44. Bxe7 Rxe7 45. Qa6+ Kd8 46.
Nf5 Be5 47. Qd3+ Ke8 48. Nxe7 Qxa7 49. Qg6+ 1-0

[Event "27th Czech Open A 2016"]
[Site "Pardubice CZE"]
[Date "2016.07.24"]
[Round "3.34"]
[White "Kulon, Klaudia"]
[Black "Smirnov, Anton"]
[Result "0-1"]
[WhiteTitle "WGM"]
[BlackTitle "IM"]
[WhiteElo "2334"]
[BlackElo "2478"]
[WhiteFideId "1131044"]
[BlackFideId "3208923"]
[EventDate "2016.07.22"]

1. c4 c6 2. Nf3 d5 3. e3 Nf6 4. b3 Bg4 5. Bb2 e6 6. Be2 Bd6 7. Ne5 Bf5 8. O-O
Nbd7 9. f4 h5 10. d3 Bxe5 11. fxe5 Ng4 12. Bxg4 hxg4 13. e4 Qb6+ 14. c5 Nxc5 15.
Bd4 dxe4 16. dxe4 O-O-O 17. exf5 Qb4 18. Bc3 Qb6 19. Bd4 g3 20. h3 Rh4 21. Qe1
Rhxd4 22. Qxg3 Nxb3 23. axb3 Rf4+ 24. Kh2 Rxf1 25. Qxg7 Qg1+ 26. Kg3 Qf2+ 27.
Kh2 Qf4+ 0-1

[Event "27th Czech Open A 2016"]
[Site "Pardubice CZE"]
[Date "2016.07.24"]
[Round "3.35"]
[White "Puranik, Abhimanyu"]
[Black "Hansen, Mads"]
[Result "1-0"]
[WhiteTitle "IM"]
[BlackTitle "FM"]
[WhiteElo "2475"]
[BlackElo "2353"]
[WhiteFideId "5061245"]
[BlackFideId "1401610"]
[EventDate "2016.07.22"]

1. e4 e5 2. Nf3 Nc6 3. Bb5 Nf6 4. O-O Nxe4 5. Qe2 Nd6 6. Bxc6 dxc6 7. Qxe5+ Qe7
8. Qa5 Qd8 9. d3 Be7 10. Nc3 O-O 11. Re1 Bg4 12. Ne5 Be6 13. Bf4 Re8 14. Rad1
Nf5 15. Ne4 Bd6 16. Nxf7 Bxf7 17. Qxf5 Bg6 18. Qg4 Bxf4 19. Qxf4 b6 20. h3 Qd7
21. Rd2 Re7 22. Rde2 Rf7 23. Qg3 Bxe4 24. dxe4 Re8 25. e5 Qd5 26. b3 c5 27. c4
Qe6 28. Rd2 a5 29. Rd3 a4 30. Red1 axb3 31. axb3 Rfe7 32. f4 g6 33. Rd8 Rxd8 34.
Rxd8+ Kg7 35. Qg4 Qf7 36. Qh4 Re6 37. Rc8 Rc6 38. Qd8 1-0

[Event "27th Czech Open A 2016"]
[Site "Pardubice CZE"]
[Date "2016.07.24"]
[Round "3.36"]
[White "Simacek, Pavel"]
[Black "Tate, Alan"]
[Result "1/2-1/2"]
[WhiteTitle "IM"]
[BlackTitle "FM"]
[WhiteElo "2470"]
[BlackElo "2331"]
[WhiteFideId "307165"]
[BlackFideId "2401878"]
[EventDate "2016.07.22"]

1. e4 e5 2. Nf3 Nc6 3. Bb5 Nf6 4. Nc3 Bd6 5. d4 Nxd4 6. Nxd4 exd4 7. Qxd4 Qe7 8.
Qe3 O-O 9. Bd2 Bc5 10. Qe2 Re8 11. O-O-O c6 12. Bd3 d5 13. Rde1 dxe4 14. Nxe4
Nxe4 15. Qxe4 Qxe4 16. Bxe4 Be6 17. Be3 Bxe3+ 18. Rxe3 Kf8 19. Rhe1 h6 20. Kd2
Rad8+ 21. Kc3 Bd5 22. a4 a5 23. h4 b5 24. b3 h5 25. g3 Bxe4 26. Rxe4 Rxe4 27.
Rxe4 Rd5 28. Rd4 Rc5+ 29. Kd3 Ke7 30. f4 g6 31. c4 Rf5 32. Kc3 f6 33. Rd3 b4+
34. Kd4 Kd6 35. Ke4+ Kc7 36. Rd2 Rc5 37. Rd1 Rf5 38. Rg1 Rc5 39. Kf3 Kd6 40. g4
Ke6 41. Re1+ Kf7 42. g5 fxg5 43. hxg5 Rf5 44. Re4 Rc5 45. Ke3 Rf5 46. Kf3 Rc5
47. Re2 Rf5 48. Re1 1/2-1/2

[Event "27th Czech Open A 2016"]
[Site "Pardubice CZE"]
[Date "2016.07.24"]
[Round "3.37"]
[White "Grekh, Andrey"]
[Black "Neelotpal, Das"]
[Result "1-0"]
[WhiteTitle "IM"]
[BlackTitle "GM"]
[WhiteElo "2347"]
[BlackElo "2467"]
[WhiteFideId "14112418"]
[BlackFideId "5003512"]
[EventDate "2016.07.22"]

1. e4 c5 2. Nf3 d6 3. d4 cxd4 4. Nxd4 Nf6 5. Nc3 Nc6 6. Be2 g6 7. O-O Bg7 8. Be3
O-O 9. f3 Qb6 10. Na4 Qa5 11. c4 Bd7 12. Nc3 Rfc8 13. Qd2 Rab8 14. Rac1 a6 15.
Nb3 Qd8 16. Nd5 b5 17. c5 Be6 18. Rfd1 Ne8 19. Rc2 a5 20. Nb6 Nb4 21. Nxc8 Qxc8
22. Nxa5 Nxc2 23. Qxc2 dxc5 24. Qxc5 Nd6 25. Nc6 Rb7 26. Nxe7+ Rxe7 27. Qxc8+
Bxc8 28. Rxd6 Rd7 29. Rb6 Rc7 30. Rxb5 Rc2 31. Rc5 Rxc5 32. Bxc5 Bxb2 33. a4 Bc3
34. Bb6 Kf8 35. a5 Bb7 36. a6 Ba8 37. Bc4 Ke8 38. Bd5 1-0

[Event "27th Czech Open A 2016"]
[Site "Pardubice CZE"]
[Date "2016.07.24"]
[Round "3.38"]
[White "Abergel, Thal"]
[Black "Raja, Harshit"]
[Result "1/2-1/2"]
[WhiteTitle "GM"]
[WhiteElo "2457"]
[BlackElo "2351"]
[WhiteFideId "614890"]
[BlackFideId "5089000"]
[EventDate "2016.07.22"]

1. e4 c5 2. Nc3 d6 3. Nge2 Nf6 4. g3 Nc6 5. Bg2 e6 6. d4 cxd4 7. Nxd4 Be7 8.
Nxc6 bxc6 9. e5 Nd5 10. exd6 Qxd6 11. O-O Ba6 12. Ne4 Qc7 13. Re1 O-O 14. c3
Rfd8 15. Qf3 h6 16. Be3 Nxe3 17. Qxe3 Qb6 18. Qxb6 axb6 19. g4 1/2-1/2

[Event "27th Czech Open A 2016"]
[Site "Pardubice CZE"]
[Date "2016.07.24"]
[Round "3.39"]
[White "Pultinevicius, Paulius"]
[Black "Sundararajan, Kidambi"]
[Result "1/2-1/2"]
[BlackTitle "GM"]
[WhiteElo "2325"]
[BlackElo "2456"]
[WhiteFideId "12809390"]
[BlackFideId "5005370"]
[EventDate "2016.07.22"]

1. e4 e6 2. d4 d5 3. Nc3 Nf6 4. Bg5 dxe4 5. Nxe4 Be7 6. Bxf6 gxf6 7. Nf3 Nd7 8.
Bd3 c5 9. dxc5 Nxc5 10. Nxc5 Qa5+ 11. c3 Qxc5 12. Qe2 Bd7 13. O-O Rd8 14. Rfd1
O-O 15. Nd4 Bc8 16. Bc2 Qe5 17. Qxe5 fxe5 18. Nf3 f6 19. Rxd8 Rxd8 20. Rd1 Kg7
21. Rxd8 Bxd8 22. Nd2 f5 23. f3 Bd7 24. Bd3 Kf6 25. Kf1 h5 26. h4 Bc6 27. Ke2
Kg7 28. Nc4 Kf6 29. Nd2 Bb6 30. Nc4 Bc7 31. Nd2 a5 32. b3 Bd8 33. a4 Bd5 34. Nc4
e4 35. fxe4 fxe4 36. Bc2 Kf5 37. g3 Kg4 38. Kf2 Bxc4 39. bxc4 e3+ 40. Kxe3 Bb6+
41. Ke2 Kxg3 42. Be4 Kxh4 43. Bxb7 Kg3 44. Bf3 h4 45. Bc6 h3 46. Bb7 e5 47. Be4
Bc5 48. Bd5 h2 49. Bh1 Kf4 50. Kd3 Bf2 51. Be4 Bc5 52. Bh1 1/2-1/2

[Event "27th Czech Open A 2016"]
[Site "Pardubice CZE"]
[Date "2016.07.24"]
[Round "3.40"]
[White "Frolov, Artur"]
[Black "Krapivin, Vladislav"]
[Result "1-0"]
[WhiteTitle "IM"]
[BlackTitle "IM"]
[WhiteElo "2455"]
[BlackElo "2318"]
[WhiteFideId "14100134"]
[BlackFideId "4126149"]
[EventDate "2016.07.22"]

1. e4 d6 2. f4 Nf6 3. Nc3 e5 4. Nf3 Nbd7 5. Bc4 Be7 6. O-O O-O 7. d3 c6 8. a3 b5
9. Ba2 a5 10. Kh1 Kh8 11. Ne2 Qe8 12. Ng3 Bd8 13. Nf5 Bc7 14. fxe5 Nxe5 15. Nxe5
dxe5 16. Bg5 Ng8 17. Qf3 f6 18. Be3 Be6 19. Bc5 Rf7 20. Bxe6 Qxe6 21. a4 g6 22.
Ne3 Bd6 23. Bxd6 Qxd6 24. g4 Kg7 25. Rf2 Ne7 26. h4 Qe6 27. b3 Ng8 28. h5 Raa7
29. Qg3 Kf8 30. hxg6 hxg6 31. Kg2 Ke8 32. Raf1 bxa4 33. bxa4 Rab7 34. Nc4 g5 35.
Nxa5 Ra7 36. Nc4 Nh6 37. Ne3 Rxa4 38. Qh3 Ng8 39. Qh8 Rf8 40. Nf5 Ra7 41. Rb1
Kd7 42. c4 Qf7 43. Rfb2 Ke6 44. d4 exd4 45. Nxd4+ Ke5 46. Nxc6+ Kd6 47. Qh2+ 1-0

[Event "27th Czech Open A 2016"]
[Site "Pardubice CZE"]
[Date "2016.07.24"]
[Round "3.41"]
[White "Warakomska, Anna"]
[Black "Malakhov, Igor"]
[Result "1/2-1/2"]
[WhiteTitle "WIM"]
[BlackTitle "IM"]
[WhiteElo "2321"]
[BlackElo "2451"]
[WhiteFideId "1130790"]
[BlackFideId "4183088"]
[EventDate "2016.07.22"]

1. e4 c5 2. Nf3 e6 3. d4 cxd4 4. Nxd4 a6 5. Nc3 Ne7 6. Be2 Nec6 7. Nb3 b5 8. a3
Bb7 9. O-O Qc7 10. Be3 Be7 11. f4 O-O 12. Bd3 d6 13. Qh5 g6 14. Qh3 b4 15. axb4
Nxb4 16. f5 exf5 17. exf5 Nxd3 18. cxd3 Nd7 19. Na5 Rac8 20. Nxb7 Qxb7 21. Bh6
d5 22. Kh1 Nf6 23. Bxf8 Rxf8 24. Rae1 Bd8 25. Qf3 Kg7 26. Re2 a5 27. Rfe1 g5 28.
Re5 Qxb2 29. Nxd5 a4 30. R5e2 Qb3 31. Ne7 Ba5 32. Rc1 a3 33. Qe3 h6 34. Qe5 Ra8
35. h4 a2 36. Qa1 Bc3 37. Rxc3 Qxc3 38. Qxc3 a1=Q+ 39. Qxa1 Rxa1+ 40. Kh2 Ra3
41. hxg5 1/2-1/2

[Event "27th Czech Open A 2016"]
[Site "Pardubice CZE"]
[Date "2016.07.24"]
[Round "3.42"]
[White "Vykouk, Jan"]
[Black "Antonio, Viani D'cunha"]
[Result "1/2-1/2"]
[WhiteTitle "FM"]
[WhiteElo "2450"]
[BlackElo "2305"]
[WhiteFideId "349658"]
[BlackFideId "5027330"]
[EventDate "2016.07.22"]

1. e4 c5 2. Nf3 e6 3. d4 cxd4 4. Nxd4 a6 5. Bd3 Bc5 6. Nb3 Ba7 7. Qe2 d6 8. Be3
Nf6 9. N1d2 Nc6 10. O-O O-O 11. Rad1 Qc7 12. Bxa7 Rxa7 13. c3 e5 14. Nc4 Be6 15.
Ne3 b5 16. Bb1 Rd8 17. Rd2 Ne7 18. Rfd1 Qc6 19. c4 bxc4 20. Na5 Qc7 21. Nexc4
Ne8 22. b4 Bxc4 23. Qxc4 Qxc4 24. Nxc4 Nc6 25. Nxd6 Rad7 26. Nc4 Rxd2 27. Rxd2
Rxd2 28. Nxd2 Nxb4 29. Nc4 Nc6 30. Kf1 Kf8 31. Ke2 Ke7 32. Kd3 Nc7 33. Ne3 g6
34. a4 Kd6 35. Kc3 Ne6 36. f3 Nc5 37. Bc2 a5 38. Kc4 Nd4 39. Bd1 h5 40. h4 Nd7
41. Nd5 f5 42. g4 hxg4 43. fxg4 fxe4 44. h5 gxh5 45. gxh5 Nf3 46. h6 Nf8 47. Nc3
Ng5 48. Kb5 e3 49. Bg4 Nf7 50. Ne4+ Kc7 51. Nf6 Nxh6 52. Nd5+ Kd6 53. Nxe3 Nxg4 1/2-1/2

[Event "27th Czech Open A 2016"]
[Site "Pardubice CZE"]
[Date "2016.07.24"]
[Round "3.43"]
[White "Nemeth, Zoltan"]
[Black "Zanan, Evgeny"]
[Result "0-1"]
[WhiteTitle "IM"]
[BlackTitle "FM"]
[WhiteElo "2310"]
[BlackElo "2450"]
[WhiteFideId "700657"]
[BlackFideId "24101940"]
[EventDate "2016.07.22"]

1. e4 c5 2. c4 Nc6 3. Nc3 g6 4. g3 Bg7 5. Bg2 d6 6. d3 e6 7. Nge2 Nge7 8. h4 h6
9. Be3 Nd4 10. Qd2 Bd7 11. h5 g5 12. f4 gxf4 13. gxf4 Qa5 14. Bxd4 cxd4 15. Nb5
Qxd2+ 16. Kxd2 Bxb5 17. cxb5 Kd7 18. a4 Bf6 19. a5 Rhg8 20. Bh3 a6 21. b6 Nc6
22. Ra4 Ke7 23. Rf1 Rad8 24. Rfa1 e5 25. fxe5 dxe5 26. Rg1 Rxg1 27. Nxg1 Rg8 28.
Ne2 Kd6 29. Ke1 Kc5 30. Bd7 Nb4 31. Kd1 Rd8 32. Bh3 Nxd3 33. Kc2 Nf2 34. Kb3
Nxh3 35. Rc4+ Kb5 36. Nc1 Kxa5 37. Rb4 Be7 0-1

[Event "27th Czech Open A 2016"]
[Site "Pardubice CZE"]
[Date "2016.07.24"]
[Round "3.44"]
[White "Lalic, Bogdan"]
[Black "Sarkozy, Ladislav"]
[Result "1-0"]
[WhiteTitle "GM"]
[WhiteElo "2436"]
[BlackElo "2292"]
[WhiteFideId "409081"]
[BlackFideId "14900300"]
[EventDate "2016.07.22"]

1. d4 Nf6 2. c4 g6 3. Nc3 d5 4. cxd5 Nxd5 5. e4 Nxc3 6. bxc3 Bg7 7. Be3 c5 8.
Qd2 O-O 9. Rc1 Qa5 10. Nf3 Rd8 11. d5 Nd7 12. c4 Qxd2+ 13. Nxd2 b6 14. Be2 Nf6
15. h3 e5 16. a4 Ne8 17. a5 Rb8 18. O-O Nd6 19. Ra1 f5 20. Rfb1 Bd7 21. f3 f4
22. Bf2 Bf8 23. axb6 axb6 24. Bh4 Re8 25. Ra7 Bc8 26. Bd1 1-0

[Event "27th Czech Open A 2016"]
[Site "Pardubice CZE"]
[Date "2016.07.24"]
[Round "3.45"]
[White "Hemant, Sharma2"]
[Black "Carlsson, Pontus"]
[Result "0-1"]
[BlackTitle "GM"]
[WhiteElo "2299"]
[BlackElo "2435"]
[WhiteFideId "5025842"]
[BlackFideId "1705814"]
[EventDate "2016.07.22"]

1. Nf3 Nf6 2. c4 c5 3. g3 b6 4. Bg2 Bb7 5. b3 e6 6. O-O Be7 7. Bb2 O-O 8. Nc3 d6
9. d4 cxd4 10. Nxd4 Bxg2 11. Kxg2 a6 12. Qd3 Qc8 13. Qf3 Ra7 14. Rac1 Rc7 15.
Nc2 Nbd7 16. Ne4 d5 17. Nd2 b5 18. Ne3 dxc4 19. bxc4 b4 20. Nc2 Rc5 21. Nd4 Ne5
22. Qb3 Qa8+ 23. Kg1 Rb8 24. Qc2 Neg4 25. N4f3 Rh5 26. h4 Rc8 27. Bxf6 Nxf6 28.
Nb3 a5 29. Nbd4 Rhc5 30. Qa4 Rxc4 31. Rxc4 Rxc4 32. Nb3 Nd5 33. Ne5 Re4 34. Nc6
Bf8 35. Nbxa5 Nc3 36. Qb3 Nxe2+ 37. Kh2 Qa6 38. Rd1 Nd4 39. Nxd4 Qxa5 40. Qf3
Qd5 41. Nc2 Rxh4+ 0-1

[Event "27th Czech Open A 2016"]
[Site "Pardubice CZE"]
[Date "2016.07.24"]
[Round "3.46"]
[White "Vetoshko, Volodymyr"]
[Black "ter Stal, Rainer"]
[Result "1-0"]
[WhiteTitle "IM"]
[WhiteElo "2430"]
[BlackElo "2172"]
[WhiteFideId "14122480"]
[BlackFideId "12993603"]
[EventDate "2016.07.22"]

1. e4 Nf6 2. e5 Nd5 3. d4 d6 4. Nf3 Nb6 5. a4 a5 6. Nc3 Bg4 7. h3 Bxf3 8. Qxf3
Qc8 9. exd6 cxd6 10. Bb5+ N6d7 11. d5 g6 12. Bg5 h6 13. Bh4 Bg7 14. O-O-O Bxc3
15. bxc3 Kf8 16. Rhe1 Ne5 17. Rxe5 dxe5 18. d6 g5 19. d7 Qd8 20. Qxb7 Nc6 21.
Bxc6 Rb8 22. Qxb8 1-0